000 00949nam a22002177a 4500
999 _c12696
_d12696
003 AR-CdUCM
008 190409b ||||| |||| 00| 0 spa d
040 _aMUNICIPALIDAD PROVINCIAL DEL CUSCO
_cBIBLIOTECA MUNICIPAL DEL CUSCO
082 _a333.913 /
_bG66
100 _aGonzales Ríos, José A.
_930694
245 _aOrganización social y adopción del riego por aspersión en la cuenca del río Mapacho /
260 _aCusco :
_bUniversidad Nacional de San Antonio Abad del Cusco,
_c2000.
300 _a132 paginas ;
_bIlustraciones, mapas,
_c20 cm.
505 _aContenido :Referencia teórica y conceptual --Materiales y metodología --Organización social y adopción del riego por aspersión ...
650 _aRiego por aspersión
_921976
650 _aAgricultura
_9320
650 _aAspectos económicos
_9261
700 _aUniversidad Nacional San Antonio de Abad (Cusco).
_930695
942 _2ddc
_cLIBROS
945 _arjall
_d2019-04-09